| 000 | 00637nam a22002177a 4500 | ||
|---|---|---|---|
| 005 | 20241206152222.0 | ||
| 008 | 241206b ||||| |||| 00| 0 eng d | ||
| 020 | _a9780674272187 | ||
| 040 | _cAL | ||
| 041 | _aEnglish | ||
| 082 |
_223 _a346.002 _bBENJ |
||
| 100 |
_aPeter Benson _9188413 |
||
| 245 |
_aJustice in Transactions _b:A theory of contract law |
||
| 260 |
_aCambridge _bHarvard university press _c2019 |
||
| 300 |
_a610 p. _bHB _c24x16 cm. |
||
| 365 |
_a1060 _b₹1167.27 _c₹ _d₹1599.00 _e27% _f28-11-2024 |
||
| 650 |
_aJustice _9188414 |
||
| 650 |
_aLaw _9188415 |
||
| 700 |
_aBENSON (Peter) _9188416 |
||
| 942 |
_2ddc _cREF |
||
| 999 |
_c232233 _d232233 |
||